Matemática general: Elementos de álgebra, geometría y de trigonometría / César A. Trejo (Registro nro. 3603)

Detalles MARC
000 -LEADER
fixed length control field 00502nam a22001931a 4500
001 - CONTROL NUMBER
control field 3603
003 - CONTROL NUMBER IDENTIFIER
control field OSt
005 - DATE AND TIME OF LATEST TRANSACTION
control field 20260204211856.0
008 - FIXED-LENGTH DATA ELEMENTS--GENERAL INFORMATION
fixed length control field 041208s1965||||ag ||||||b||||||||||spa||
050 ## - LIBRARY OF CONGRESS CALL NUMBER
Classification number 510 T718m
082 ## - DEWEY DECIMAL CLASSIFICATION NUMBER
Classification number 510 T718m
100 ## - ASIENTO PRINCIPAL -- NOMBRE PERSONAL
Personal name Trejo, César A.
245 ## - TÍTULO PROPIAMENTE DICHO: SUBTÍTULO
Title Matemática general: Elementos de álgebra, geometría y de trigonometría / César A. Trejo
250 ## - MENCIÓN DE EDICIÓN
Edition statement 2
264 ## - PRODUCTION, PUBLICATION, DISTRIBUTION, MANUFACTURE, AND COPYRIGHT NOTICE
Place of production, publication, distribution, manufacture Argentina : Kapeluz
300 ## - PHYSICAL DESCRIPTION
Extensión 226 p
650 ## - ASIENTO SECUNDARIO DE MATERIA -- TERMINO TEMÁTICO
Termino Temático Como Elemento de Entrada 1.Matemática GeneralÌ
942 ## - ADDED ENTRY ELEMENTS (KOHA)
Source of classification or shelving scheme Dewey Decimal Classification
Koha item type Libros
Existencias
Withdrawn status Lost status Source of classification or shelving scheme Damaged status Not for loan Current library Date acquired Total Checkouts Full call number Barcode Date last seen Price effective from Koha item type
    Dewey Decimal Classification     Biblioteca UTECO 09/09/2019   510 T718M 008048 09/09/2019 09/09/2019 Libros
© 2021 Derechos Reservados UTECO - Teléfono: +1 809-585-2291 - Correo electrónico: biblioteca@uteco.edu.do​  
Código postal 43000 ​​
Dirección: Avenida Universitaria No. 100, 
Cotuí, Provincia Sánchez Ramírez, República Dominicana - RNC: 404-00059-6